| 000 | 00781nam a2200217 a 4500 | ||
|---|---|---|---|
| 001 | 000655488 | ||
| 003 | AM-YeHGA | ||
| 005 | 20250617141400.0 | ||
| 008 | 090505s1987 ru r 000 0 rus d | ||
| 040 | _aAM-YeHGA | ||
| 041 | 0 | _arus | |
| 245 | 0 | 0 |
_aНиколай Островский = _bNikolai Ostrovsky : [Альбом] / _cСост. В.С. Панаева. |
| 246 | 3 | 1 | _aNikolai Ostrovsky |
| 260 |
_aМосква : _bСоветская Россия, _c1987. |
||
| 300 |
_a208 с. : _bпортр., ил. |
||
| 504 | _aБиблиогр.: с. 206 | ||
| 600 | 1 | 4 |
_aОстровский, Николай Арексеевич, _d1904-1936 |
| 653 | 0 | _aРусская советская литература | |
| 700 | 1 |
_aПанаев, В. С. _eсост _4com |
|
| 090 | _c239187 | ||
| 999 |
_c237616 _d237616 |
||